Normal view MARC view
  • EXPEDICION PARAGUAY (1858-1859)

Entry Nombre de Reunión

Number of records used in: 1

001 - NÚMERO DE CONTROL

  • campo de control: 951

003 - IDENTIFICADOR DE NÚMERO DE CONTROL

  • campo de control: UPN

005 - FECHA Y HORA DE LA ÚLTIMA TRANSACCIÓN

  • campo de control: 20210219193608.0

008 - DATOS DE LONGITUD FIJA

  • campo de control de longitud fija: nabaccnnaabn|||||||||| b |nc|||||d

035 ## - NÚMERO DE CONTROL

  • Número de control: UPN10000000951

040 ## - FUENTE DE CATALOGACIÓN

  • Lenguaje de catalogación: SPA
  • Agencia transcribió: UPN

111 2# - ENCABEZAMIENTO - NOMBRE DE REUNIÓN

  • Nombre de reunión o de jurisdicción: EXPEDICION PARAGUAY (1858-1859)

411 2# - MENCIÓN DE REFERENCIA “VÉASE”- NOMBRE DE CONGRESO

  • Nombre de congreso o jurisdicción como elemento de entrada: Paraguay, Expedición contra,
  • Subdivisión cronológica: 1858-1859

670 ## - FUENTE EN LA QUE SE LOCALIZARON DATOS

  • Cita de la fuente: LC
  • Información localizada: Paraguay expedition (1858-1859)

902 ## - CATALOGADOR

  • Catalogador: BDV/310805